Normal view
MARC view
- قانون العقوبات - سوريا
Entry Topical Term
001 - CONTROL NUMBER
- control field: 46466
003 - CONTROL NUMBER IDENTIFIER
- control field: JO-AjAnu
005 - DATE AND TIME OF LATEST TRANSACTION
- control field: 20230606081659.0
008 - FIXED-LENGTH DATA ELEMENTS
- fixed length control field: 230606|| aca||aabn | a|a d
040 ## - CATALOGING SOURCE
- Original cataloging agency: JO-AjAnu
- Transcribing agency: JO-AjAnu
150 ## - HEADING--TOPICAL TERM
- Topical term or geographic name entry element: قانون العقوبات - سوريا
670 ## - SOURCE DATA FOUND
- Source citation: Work cat.: (JO-AjAnu)23784: ضبط نصوصة وكتب مواضيعه كرم، جورج, author 46465, قانون العقوبات معدلا ومضبوطا على الأصل مضافا الية: الأسباب الموجبة للقوانين المعدلة له، الأشارة إلى جميع القوانين الخاصة المكملة له، فهرس هجائي مطول بمواضيعه